000 00255nam a22000857a 4500
008 211025b ||||| |||| 00| 0 eng d
100 _aHeinrich Kohler Auctions
245 _aSchleswig to 1920 Christopher King Col (Part 1)
650 _aSchleswig; Denmark; Germany
999 _c3192
_d3192